|
|
|
|
| LEADER |
00000cam a2200000 i 4500 |
| 001 |
1/88328 |
| 008 |
980401s1995 gre d |
| 035 |
|
|
|a 1998
|c ΚΠΣ/Δημοτικής Εκπαίδευσης
|l 10035472
|
| 040 |
|
|
|a GR-MY-UA
|b gre
|e aacr
|
| 041 |
0 |
|
|a gre
|
| 082 |
0 |
|
|a 320.9495
|
| 100 |
1 |
|
|a Αλιβιζάτος, Νίκος Κ.
|
| 245 |
1 |
3 |
|a Οι πολιτικοί θεσμοί σε κρίση (1922-1974) :
|b όψεις της Ελληνικής εμπειρίας /
|c Νίκος Αλιβιζάτος
|
| 250 |
|
|
|a 3η εκδ.
|
| 260 |
|
|
|a Αθήνα :
|b Θεμέλιο,
|c 1995
|
| 300 |
|
|
|a 728 σ.
|
| 650 |
|
0 |
|a Constitutional history
|z Greece.
|
| 651 |
|
0 |
|a Greece
|x Politics and government
|y 20th century.
|
| 852 |
|
|
|a INST
|b RHODES
|e 19980401
|h 320.9495 ΑΛΙ
|p 005400010818
|q 005400010818
|t BK
|y 0
|
| 909 |
|
|
|a Ρ
|b 053006
|c 1998
|